000 00902nam a2200289 a 4500
001 BRCA_333
005 20190320202950.0
008 830323s1983 pauaf b 001 0 eng
020 _a0801973554 (pbk.)
020 _a0801973546 (hard)
040 _aDLC
_cDLC
_dDLC
050 4 _aNK5306
_b.I83 1983
100 1 _aIsenberg, Anita
_91106
245 1 0 _aHow to Work in Stained Glass
_cAnita and Seymour Isenberg.
250 _a2
260 _aRadnor, Pennsylvania.
_bChilton Book Co.
_c1983
300 _aXIV, 334 p., [20] p. de láminas
_bil. (algunas a color)
_c24 cm.
440 0 _aThe Chilton Glassworking Series
_91107
500 _aIncluye índice y glosario
500 _aDonación Consejo Británico
504 _aBibliografía: p. 321-322
650 1 4 _aVitrales
_xTécnica
_91108
650 1 4 _aArte del vidrio
_91109
700 1 _aIsenberg, Seymour
_91110
902 _aDCB
942 _2lcc
_cB
999 _c270
_d270